000
00301nam a22001337a 4500
008
170803b xxu||||| |||| 00| 0 eng d
020
_a
9780314481320
041
_a
eng
080
_a
004
100
_a
32
101
_a
SHK
245
_a
INTRODUCTION TO COMPUTER SCIENCE
_c
NAPS,TH.L
942
_2
udc
_c
BK
999
_c
22655
_d
22655